Κατάλογος Βιβλιοθηκών Mediterranean College

Η πλεξούδα : (Record no. 10089)

MARC details
000 -LEADER
fixed length control field 02636nam a22002297a 4500
003 - ΤΑΥΤΟΤΗΤΑ ΤΟΥ ΑΡΙΘΜΟΥ ΕΛΕΓΧΟΥ
Πεδίο ελέγχου GR-AtMCL
005 - ΗΜΕΡΟΜΗΝΙΑ ΚΑΙ ΩΡΑ ΤΕΛΕΥΤΑΙΑΣ ΕΝΗΜΕΡΩΣΗΣ
Πεδίο ελέγχου 20260128121329.0
006 - FIXED-LENGTH DATA ELEMENTS--ADDITIONAL MATERIAL CHARACTERISTICS
Πεδίο ελέγχου σταθερού μήκους a|||||r|||||||||||
008 - FIXED-LENGTH DATA ELEMENTS--GENERAL INFORMATION
Πεδίο ελέγχου σταθερού μήκους s2017|||| g ||| gre d
020 ## - ISBN
ISBN 9789601680842
040 ## - ΠΗΓΗ ΚΑΤΑΛΟΓΟΓΡΑΦΗΣΗΣ
Γλώσσα καταλογογράφησης Ελληνικά, Μοντέρνα (1453-)
Φορέας πρωτότυπης καταλογογράφησης MC Athens Campus Library
Modifying agency MC Athens Campus Library
Κανόνες περιγραφικής καταλογογράφησης AACR2
041 1# - ΓΛΩΣΣΑ
Κωδικός γλώσσας πρωτότυπου Γαλλικά
100 ## - MAIN ENTRY--PERSONAL NAME
Personal name Colombani, Laetitia
9 (RLIN) 10311
245 02 - ΤΙΤΛΟΣ ΚΑΙ ΔΗΛΩΣΗ ΥΠΕΥΘΥΝΟΤΗΤΑΣ
Τίτλος Η πλεξούδα :
Remainder of title μυθιστόρημα /
Statement of responsibility, etc. Λετισιά Κολομπανί ; επιμέλεια-διόρθωση Ιωάννα Ανδρέου
260 ## - PUBLICATION, DISTRIBUTION, ETC.
Place of publication, distribution, etc. Αθήνα :
Name of publisher, distributor, etc. Εκδόσεις Πατάκη,
Date of publication, distribution, etc. 2021
300 ## - PHYSICAL DESCRIPTION
Extent 269 σ.;
Other physical details 21 εκ.
500 ## - GENERAL NOTE
Γενική σημείωση Τίτλος πρωτοτύπου: La tresse
520 ## - SUMMARY, ETC.
Summary, etc. Στην "Πλεξούδα" διασταυρώνονται οι ζωές και η μοίρα τριών γυναικών που δε θα συναντηθούν ποτέ. Η πρώτη είναι η Σμίτα, η οποία ανήκει στην κάστα των Ανέγγιχτων, δηλαδή στο χαμηλότερο σκαλοπάτι της ινδικής κοινωνίας. Οι συνθήκες κάτω απ’ τις οποίες ζει είναι άθλιες, όπως και η δουλειά της στα αποχωρητήρια. Έχει όμως άλλα όνειρα για τη μικρή της κόρη κι αυτό θα την οδηγήσει στο να πάρει μια παράτολμη απόφαση. Η δεύτερη είναι η Τζούλια από το Παλέρμο. Είναι αποφασισμένη να βρει λύση ώστε να μη χαθεί η βιοτεχνία του πατέρα της, που μοιάζει να βρίσκεται σε αδιέξοδο λόγω της αλλαγής των συνθηκών. Η τρίτη είναι η Σάρα, εξαιρετικά επιτυχημένη δικηγόρος στο Μόντρεαλ, που βλέπει τον κόσμο της να κλυδωνίζεται, μαζί με την υγεία της, καθώς έρχεται αντιμέτωπη με τον κοινωνικό αποκλεισμό του εργασιακού της περιβάλλοντος όταν αποκαλύπτεται πως πάσχει από καρκίνο. Οι ιστορίες αυτών των τριών γυναικών, που καλούνται να παλέψουν ενάντια στη μοίρα τους, είναι άρρηκτα δεμένες με ένα παράξενο νήμα που κι οι ίδιες δε γνωρίζουν.
650 #0 - SUBJECT ADDED ENTRY--TOPICAL TERM
Topical term or geographic name entry element Γαλλική λογοτεχνία
9 (RLIN) 10310
942 ## - ADDED ENTRY ELEMENTS (KOHA)
Koha item type Books
Holdings
Τύπος τεκμηρίου Βιβλιοθήκη Τρέχουσα τοποθεσία Barcode Αριθμός εισαγωγής Ημερομηνία απόκτησης Ταξιθετικό σύμβολο Αριθμός αντιτύπου Κατάσταση απόσυρσης Κατάσταση χαμένου Κατάσταση κατεστραμμένου Μη δανεισμός Σύνολο δανεισμών Ημερομηνία τελευταίας εμφάνισης Η τιμή ισχύει από
Books MC Athens Campus Library MC Athens Campus Library 9780000100962 8279 28/01/2026 843 COL 1           28/01/2026 28/01/2026

MC Athens Campus Library
Πατησίων 94 & Κοδριγκτώνος 13, 104 34
Πελλήνης 8 & Πατησίων 107, 112 51
Τ: +30 210 8899600

MC Thessaloniki Campus Library
Ίωνος Δραγούμη 21, 54625 | Ίωνος Δραγούμη 15, 54625
Τ: +30 2310 287779 – Τ: +30 2314 440300